[Event "Olympiad Women 2024"]
[Site "Budapest HUN"]
[Date "2024.09.12"]
[Round "2.45"]
[Board "3"]
[White "Klaasen, Robyn Julian"]
[Black "Mehak Gul"]
[Result "1/2-1/2"]
[WhiteElo "1764"]
[BlackElo "1709"]
[PlyCount "88"]
[EventDate "2024.09.11"]
[WhiteTeam "South Africa"]
[BlackTeam "Pakistan"]
[WhiteTeamCountry "RSA"]
[BlackTeamCountry "PAK"]

1. d4 Nf6 2. c4 e6 3. Nf3 c5 4. d5 exd5 5. cxd5 d6 6. Nc3 g6 7. e4 Bg7 8. Be2 O-O 9. O-O Bg4 10. Bf4 Bxf3 11. Bxf3 a6 12. a4 Re8 13. Re1 Qb6 ({RR} 13... Qc7 14. Rc1 Nbd7 15. b4 Rac8 16. a5 Ne5 17. Bxe5 Rxe5 18. Na4 Rce8 19. bxc5 Nxe4 20. Bxe4 Rxe4 21. Rxe4 Rxe4 22. c6 bxc6 23. dxc6 Bd4 24. Nb6 Bc5 25. Nd5 Qxc6 26. Nf6+ Kg7 27. Nxe4 Qxe4 28. Qc2 {1-0 Aleksandrov,A (2574)-Pantsulaia,L (2553) RBI op Qualifier 3 blitz 2020 (11)}) ({RR} 13... Qc7 14. e5 dxe5 15. d6 Qb6 16. a5 Qxb2 17. Bd2 Nc6 18. Ra2 Qb4 19. Ra4 Qb2 20. Ra2 Qb4 21. Ra4 Qb2 22. Ra2 {½-½ Enkhtuul,A (2195)-Maisuradze,N (2254) AICF WGM RR 2024 (2.3)}) 14. Qc2 Nfd7 $146 ({RR} 14... Nbd7 15. a5 Qc7 16. Be2 Rac8 17. Be3 c4 18. Ra4 Ne5 19. h3 Nfd7 20. f4 Nd3 21. Bxd3 cxd3 22. Qxd3 Nc5 23. Bxc5 Qxc5+ 24. Qe3 f5 25. Kf1 Bxc3 26. Qxc5 Rxc5 27. bxc3 Rxe4 28. Rexe4 fxe4 29. c4 {1-0 Daamen,F-Simons,R Veldhoven m 1992 (2)}) ({RR} 14... Nbd7 15. h3 Ne5 16. Be2 Nfd7 17. Be3 Qd8 18. f4 Qh4 19. Qd2 f5 20. fxe5 Bxe5 21. Bf2 Bf4 22. Bxh4 Bxd2 23. exf5 Bxe1 24. Bxe1 gxf5 25. Bg3 Ne5 26. Rf1 Rf8 27. Bd1 Rf7 28. Bc2 Raf8 29. Bf4 {1-0 Rojas Mirabal,P (2069)-Guerrero Orihuela,J (1551) Gran Canaria Arucas op 9th 2013 (3)}) 15. a5 Qc7 16. Na4 Ne5 17. Bxe5 Bxe5 18. Nb6 Ra7 19. Bg4 Rd8 20. Rab1 Nd7 21. Bxd7 Rxd7 22. Nxd7 Qxd7 23. b4 Bd4 24. bxc5 Bxc5 25. e5 Ra8 26. exd6 Bxd6 27. Qb3 Rb8 28. Re2 Rc8 29. g3 Rc7 30. Qf3 Rc5 31. Reb2 Rb5 32. Rxb5 axb5 33. Qd3 b4 34. a6 bxa6 35. Qxa6 Qf5 36. Qa2 Qd3 37. Qa8+ Kg7 38. Qa1+ Kg8 39. Rd1 Qc3 40. Qa8+ Kg7 41. Qc6 Qe5 42. Qc4 Qc3 43. Qc6 Qe5 44. Qb6 h5 1/2-1/2

[Event "Olympiad Women 2024"]
[Site "Budapest HUN"]
[Date "2024.09.12"]
[Round "2.45"]
[Board "4"]
[White "Aayat Asmi"]
[Black "Strong, Davida"]
[Result "0-1"]
[WhiteElo "1421"]
[BlackElo "1733"]
[PlyCount "88"]
[EventDate "2024.09.11"]
[WhiteTeam "Pakistan"]
[BlackTeam "South Africa"]
[WhiteTeamCountry "PAK"]
[BlackTeamCountry "RSA"]

1. e4 e6 2. d4 d5 3. Nd2 Nf6 4. e5 Nfd7 5. c3 c5 6. f4 Nc6 7. Ndf3 Qb6 8. a3 cxd4 9. cxd4 a6 ({RR} 9... Na5 10. Ne2 Qb3 11. Qd2 b6 12. Nc3 Nc4 13. Qf2 Ba6 14. h4 Rc8 15. Rh3 Nb8 16. Ng5 Nxa3 17. Bxa6 Nxa6 18. Kf1 h6 19. Nf3 Nb8 20. Kg1 a6 21. f5 Qc2 22. Ne2 Qd1+ 23. Kh2 Nc2 24. Rb1 {0-1 Grischuk,A (2606)-Volkov,S (2554) RUS Cup final 4th 2000 (2)}) ({RR} 9... Na5 10. b4 Nc4 11. Bxc4 dxc4 12. Bd2 Qc6 13. Ne2 Nb6 14. O-O Bd7 15. Nc3 Be7 16. Qc2 Rc8 17. b5 Qc7 18. a4 O-O 19. Ng5 g6 20. Rf3 f6 21. exf6 Bxf6 22. Rg3 Bxd4+ 23. Kh1 Rf5 24. Qe4 {1-0 Rudd,J (2326)-Shaw,D (2261) BCF-chT2 0708 (4NCL) 2007 (7.2)}) 10. Ne2 $146 ({RR} 10. b4 Qc7 11. Bd3 Nxb4 12. axb4 Qc3+ 13. Bd2 Qxd3 14. Ne2 Nb6 15. Kf2 Qb5 16. Nc3 Qc6 17. Qb1 Bd7 18. Rc1 Nc4 19. b5 Qb6 20. Be3 a5 21. Qd3 Bb4 22. Rcb1 Rc8 23. Na2 Na3 24. Nxb4 Nxb1 {1-0 Savitskiy,S (2127)-Aparin,A Anapa U18 2007 (9)}) 10... Qa7 11. Nc3 b5 12. b4 Nb6 13. Be2 Qc7 14. O-O Nxb4 15. axb4 Qxc3 16. Bd2 Qc6 17. Rc1 Nc4 18. Qe1 Qd7 19. Bxc4 dxc4 20. Bc3 Bb7 21. Nd2 Bd5 22. Ne4 Qc6 23. Nc5 Bxc5 24. dxc5 Bxg2 25. Rf2 Be4 26. Re2 Bf5 27. Qg3 O-O-O 28. Ra2 Kb7 29. Rca1 Ra8 30. Qg5 Rhe8 31. Kf2 g6 32. Qh6 Qc7 33. Rd2 Bd3 34. Rda2 Red8 35. Qh3 Qd7 36. Qg2+ Qd5 37. Qg5 Rd7 38. Qh6 Qe4 39. Kg3 Qe3+ 40. Kh4 Bf5 41. Kg5 Qxc3 42. Qxh7 f6+ 43. exf6 Rxh7 44. Ra3 Rh5# 0-1

[Event "Olympiad Women 2024"]
[Site "Budapest HUN"]
[Date "2024.09.12"]
[Round "2.46"]
[Board "1"]
[White "Jacobs, Annelaine"]
[Black "Samaganova, Aleksandra"]
[Result "0-1"]
[WhiteElo "1763"]
[BlackElo "1948"]
[PlyCount "62"]
[EventDate "2024.09.11"]
[WhiteTeam "Aruba"]
[BlackTeam "Kyrgyzstan"]
[WhiteTeamCountry "ARN"]
[BlackTeamCountry "KGZ"]

1. e4 c5 2. Nc3 e6 3. g3 Nc6 4. Bg2 g6 5. Nge2 Bg7 6. O-O Nge7 7. d3 d6 8. Be3 Nd4 9. Rb1 Rb8 10. b4 ({RR} 10. f4 O-O 11. Qd2 b5 12. b4 Nxe2+ 13. Nxe2 cxb4 14. Rxb4 a5 15. Rbb1 Bd7 16. g4 f5 17. h3 Qc7 18. c3 Kh8 19. Rfe1 Rbc8 20. Rbc1 e5 21. gxf5 gxf5 22. c4 b4 23. c5 Ng6 24. d4 fxe4 {0-1 Nguyen,T (2220)-Wang,P (2450) Olympiad Women-33 1998 (5)}) 10... b6 ({RR} 10... Nxe2+ 11. Nxe2 cxb4 12. Rxb4 b6 13. Rb1 Bb7 14. f4 d5 15. e5 O-O 16. g4 Qd7 17. h4 f6 18. exf6 Bxf6 19. Bd4 Nc6 20. Bxf6 Rxf6 21. d4 Na5 22. Rf3 Nc4 23. Rh3 Kh8 24. h5 gxh5 25. g5 {½-½ Berka,L (1684)-Kolesar,M (2097) 13th Hradec Kralove Open 2023 (2.6)}) 11. Bxd4 $146 ({RR} 11. bxc5 dxc5 12. a4 Nec6 13. h3 Bb7 14. Nb5 Nxb5 15. axb5 Nd4 16. Qd2 O-O 17. Nxd4 cxd4 18. Bh6 Bxh6 19. Qxh6 Qd7 20. Rb4 Rfc8 21. Qd2 Rc5 22. Ra1 Ra8 23. Rba4 Qxb5 24. Rxa7 Rxa7 25. Rxa7 Qc6 {0-1 Srdic,G-Gomboc,M (2146) SLO-chTA U18 2000 (6.1)}) 11... cxd4 12. Nb5 e5 13. Nxa7 Bd7 14. c4 Ra8 15. Nb5 Bxb5 16. cxb5 Rxa2 17. Nc1 Ra3 18. Rb3 Ra7 19. Bh3 O-O 20. f4 f5 21. Qe2 Qd7 22. exf5 gxf5 23. Rb2 Qxb5 24. fxe5 Qxe5 25. Qxe5 dxe5 26. Rbf2 Bh6 27. Re2 Be3+ 28. Kg2 Rc7 29. Nb3 Rc3 30. Nd2 Rc2 31. Rd1 Nd5 0-1

[Event "Olympiad Women 2024"]
[Site "Budapest HUN"]
[Date "2024.09.12"]
[Round "2.46"]
[Board "2"]
[White "Zhanybekova, Begimay"]
[Black "Moreno Mora, Milaydes Lourdes"]
[Result "1-0"]
[WhiteElo "1784"]
[BlackElo "1694"]
[PlyCount "85"]
[EventDate "2024.09.11"]
[WhiteTeam "Kyrgyzstan"]
[BlackTeam "Aruba"]
[WhiteTeamCountry "KGZ"]
[BlackTeamCountry "ARN"]

1. e4 c5 2. Nf3 d6 3. c3 Nf6 4. Be2 Nc6 5. d3 g6 6. O-O Bg7 7. Re1 O-O 8. Bf1 Bg4 9. h3 Bd7 10. d4 cxd4 11. cxd4 e6 $146 ({RR} 11... a6 12. Nc3 b5 13. e5 Ne8 14. Bf4 dxe5 15. Nxe5 Nxe5 16. dxe5 Nc7 17. Qd2 Ne6 18. Bh6 Bc6 19. Qe3 Bxh6 20. Qxh6 Qb6 21. Ne4 Bxe4 22. Rxe4 Rfd8 23. Rh4 Nf8 24. Re4 Ra7 25. Rae1 Rad7 26. g3 {0-1 Pfaff,V-Krutsch,W (2092) Kassel op 1999 (7)}) ({RR} 11... Rc8 12. Nc3 Qb6 13. e5 Ne8 14. a4 a5 15. Nd5 Qd8 16. Bg5 h6 17. Bh4 g5 18. Bg3 Be6 19. Nc3 dxe5 20. d5 Bxd5 21. Nxd5 {1-0 Snehin,S (1204)-Fizer,M (1828) Nizami Ganjavi 880 years U17 blitz 2021 (1.11)}) 12. Nc3 a6 13. Bf4 Ne8 14. Qd2 Qa5 15. Bg3 d5 16. exd5 exd5 17. Bf4 Nf6 18. Ne5 Be6 19. Rad1 Rac8 20. Bh6 b5 21. Nxc6 Rxc6 22. Nxd5 Qxd2 23. Nxf6+ Bxf6 24. Rxd2 Rd8 25. d5 Rcd6 26. dxe6 Rxd2 27. Bxd2 Rxd2 28. e7 Bxe7 29. Rxe7 Rxb2 30. Re2 Rb1 31. Re8+ Kg7 32. Ra8 Ra1 33. Rxa6 b4 34. Ra4 Kf6 35. g3 Ke5 36. Kg2 Rb1 37. Bc4 Kd4 38. Bxf7 Kc3 39. Ra7 Rb2 40. Bg8 h6 41. Ra6 g5 42. Rxh6 Kd4 43. Rg6 1-0

[Event "Olympiad Women 2024"]
[Site "Budapest HUN"]
[Date "2024.09.12"]
[Round "2.46"]
[Board "3"]
[White "Aponte, Samantha"]
[Black "Lesbekova, Assel"]
[Result "0-1"]
[WhiteElo "1454"]
[BlackElo "1903"]
[PlyCount "68"]
[EventDate "2024.09.11"]
[WhiteTeam "Aruba"]
[BlackTeam "Kyrgyzstan"]
[WhiteTeamCountry "ARN"]
[BlackTeamCountry "KGZ"]

1. e4 {ChessBase II} c5 2. Nc3 e6 3. g3 Nc6 4. Bg2 g6 5. Nge2 Bg7 6. O-O Nge7 7. d3 Rb8 ({RR} 7... O-O 8. Bg5 h6 9. Be3 Nd4 10. Qd2 Kh7 11. Bxd4 cxd4 12. Nb5 Qb6 13. a4 a6 14. Na3 d5 15. exd5 exd5 16. Nf4 Be6 17. a5 Qd6 18. c4 dxc3 19. bxc3 Qc7 20. Nb1 Rad8 21. d4 Bf5 22. Re1) ({RR} 7... Nd4 8. Bg5 O-O 9. Qd2 d6 10. Nd1 Re8 11. c3 Nxe2+ 12. Qxe2 Bd7 13. h4 Bc6 14. Be3 Qd7) ({RR} 7... b6 8. f4 d5 9. e5 Ba6 10. g4 h5 11. Ng3 hxg4 12. Qxg4 Qc7 13. Rf2 c4 14. Bd2 cxd3 15. cxd3 Nb4 16. d4 Nd3 17. Rf3 Nxb2 18. Bf1 Bxf1 19. Nxf1 Nf5 20. Nb5 Qc4 21. Qxf5 gxf5 22. Nd6+ {0-1 Mariano,C (1931)-Maltsevskaya,A (2374) Swiss Queens Wed #8 2024 (1.104)}) 8. Rb1 $146 ({RR} 8. Be3 Nd4 9. Qd2 b5 10. Nd1 O-O 11. Nf4 d6 12. c3 Ndc6 13. Nh3 Re8 14. f4 Qc7 15. d4 cxd4 16. cxd4 d5 17. e5 a5 18. g4 f5 19. g5 Ba6 20. Ndf2 Bf8 21. Nd3 Nc8 22. Rac1 Qb6 {0-1 Kramer,W (1769)-Dillmann,M (1905) Rheinhessen-ch H1 op 1997 (2)}) ({RR} 8. Bf4 d6 9. Nb5 e5 10. Bc1 a6 11. Nbc3 b5 12. Bg5 h6 13. Be3 b4 14. Nb1 O-O) ({RR} 8. Bf4 d6 9. Qd2 h5 10. h4 b5 11. Rae1 b4 12. Nd1 Ba6 13. Kh1 e5 14. Bg5 Qa5 15. f4 Qxa2 16. fxe5 Bxe5 17. Bf6 Bxf6 18. Rxf6 Rd8 19. Qg5 b3 20. c4 Rf8 21. e5 Nxe5 22. Nf4 Bc8 {½-½ Sprecic,M (2310)-Suba,M (2490) Tuzla 1981 (14)}) ({RR} 8. Be3 Nd4 9. f4 O-O 10. Qd2 f5 11. Nd1 b6 12. Nc1 Bb7 13. c3 Ndc6 14. Ne2 d5 15. e5 d4 16. Bf2 Qd7 17. c4 a6 18. h3 b5 19. b3 Ba8 20. Nb2 a5 21. cxb5 Rxb5 22. Rac1 Nd5 {1-0 Cooper,A (1904)-David,A (2428) Titled Tuesday intern op 29th Sept blitz 2020 (1)}) 8... b5 9. a3 a5 10. b3 O-O 11. Be3 Nd4 12. Qd2 d6 13. b4 Nxe2+ 14. Nxe2 cxb4 15. axb4 a4 16. Bh6 Bxh6 17. Qxh6 f5 18. Qc1 Qc7 19. Qb2 e5 20. f4 Be6 21. c3 fxe4 22. dxe4 Bc4 23. Rbc1 Qb6+ 24. Kh1 Qe3 25. Rce1 a3 26. Qc2 Qd3 27. Qc1 a2 28. Rf3 Qb1 29. Ng1 Bd3 30. Rxd3 Qxd3 31. Qa1 Qc4 32. Bf1 Qb3 33. Bd3 exf4 34. gxf4 Rxf4 0-1

[Event "Olympiad Women 2024"]
[Site "Budapest HUN"]
[Date "2024.09.12"]
[Round "2.46"]
[Board "4"]
[White "Abaeva, Aiana"]
[Black "Cabral, Sylvi"]
[Result "1-0"]
[WhiteElo "1858"]
[BlackElo "1471"]
[PlyCount "59"]
[EventDate "2024.09.11"]
[WhiteTeam "Kyrgyzstan"]
[BlackTeam "Aruba"]
[WhiteTeamCountry "KGZ"]
[BlackTeamCountry "ARN"]

1. e4 c5 2. Nf3 g6 3. d4 cxd4 4. Nxd4 Bg7 5. c4 Nc6 6. Be3 Qb6 7. Nb5 Qa5+ 8. N1c3 a6 ({RR} 8... Nf6 9. f3 O-O 10. Qd2 a6 11. Nd4 d6 12. Be2 Nxd4 13. Bxd4 Be6 14. O-O Rfc8 15. b3 b5 16. cxb5 axb5 17. Rfd1 Bd7 18. Rac1 b4 19. Na4 Bxa4 20. bxa4 Qxa4 21. Bc4 Bh6 22. Bxf7+ Kg7 23. Bxf6+ {0-1 Kamsky,G (2661)-Abdusattorov,N (2661) Chess.com Rapid Wk11 Swiss 2022 (3)}) 9. Nd4 d6 10. Be2 Be6 $146 ({RR} 10... Nf6 11. O-O O-O 12. Nd5 Nxd5 13. exd5 Nxd4 14. Bxd4 b5 15. Bxg7 Kxg7 16. Qd4+ Kg8 17. c5 dxc5 18. Qxc5 Bf5 19. Bf3 Rfe8 20. Rfe1 Rac8 21. Qe3 Qb4 22. Re2 Qd6 23. h3 Rc7 24. Rae1 Rec8 25. Qg5 {1-0 Tan,R (2004)-Kiseljova,M (2031) Titled Tue 2nd Apr Early 2024 (4)}) 11. O-O Nf6 12. Nxe6 fxe6 13. Qb3 Qb4 14. Qc2 O-O 15. f4 Bh6 16. a3 Qa5 17. Qd2 Qc7 18. f5 Bxe3+ 19. Qxe3 exf5 20. exf5 Ne5 21. fxg6 Nxg6 22. Rf5 Rf7 23. Raf1 Raf8 24. c5 dxc5 25. Bc4 Ng4 26. Bxf7+ Kg7 27. Qh3 Nh6 28. Bxg6 Rxf5 29. Bxf5 Qe5 30. Qg3+ 1-0

[Event "Olympiad Women 2024"]
[Site "Budapest HUN"]
[Date "2024.09.12"]
[Round "2.47"]
[Board "1"]
[White "Granados Ortiz, Maria Jose"]
[Black "Pg Hj Janudin, Dk Siti Haziqah"]
[Result "1-0"]
[WhiteElo "1935"]
[BlackElo "1711"]
[PlyCount "51"]
[EventDate "2024.09.11"]
[WhiteTeam "Nicaragua"]
[BlackTeam "Brunei Darussalam"]
[WhiteTeamCountry "NCA"]

1. e4 d6 2. d4 Nf6 3. Nc3 c6 4. Nf3 e5 ({RR} 4... b5 5. e5 dxe5 6. dxe5 Qxd1+ 7. Nxd1 Nd5 8. c4 bxc4 9. Bxc4 Ba6 10. Bxa6 Nxa6 11. O-O e6 12. Ne3 Bc5 13. Nc4 O-O 14. a3 h6 15. Bd2 Bb6 16. b4 c5 17. b5 Nb8 18. a4 Nd7 19. Rfe1 {½-½ Bezdan,T (2310)-Varga,Z (2480) HUN-chT Hungary 1993}) 5. dxe5 Ng4 $146 ({RR} 5... dxe5 6. Qxd8+ Kxd8 7. Nxe5 Be6 8. Bg5 Be7 9. O-O-O+ Nbd7 10. f4 h6 11. Bh4 Ng4 12. Bxe7+ Kxe7 13. Nxg4 Bxg4 14. Rd2 Nb6 15. Bd3 Rhe8 16. Re1 Rad8 17. f5 f6 18. e5 fxe5 19. Rxe5+ Kf8 20. Re4 {1-0 Van Kampen,R (2475)-Gonzalez Garcia,P (1643) La Fere op 7th 2008 (6)}) 6. exd6 Bxd6 7. h3 Nf6 8. e5 Qe7 9. Qe2 Bxe5 10. Qxe5 Qxe5+ 11. Nxe5 O-O 12. Be3 b6 13. Bc4 Be6 14. Bxe6 fxe6 15. O-O c5 16. Rad1 a5 17. Rd6 Ra6 18. Rxe6 Nbd7 19. Nxd7 Nxd7 20. Rd1 Ra7 21. Red6 Rf7 22. Nb5 Rb7 23. Re6 Rf6 24. Rxf6 Nxf6 25. Rd8+ Kf7 26. Nd6+ 1-0

[Event "Olympiad Women 2024"]
[Site "Budapest HUN"]
[Date "2024.09.12"]
[Round "2.47"]
[Board "2"]
[White "Saiful Azmi, Nur Farzana"]
[Black "Martinez Orozco, Cristiana Yorlene"]
[Result "0-1"]
[WhiteElo "1533"]
[BlackElo "1761"]
[PlyCount "76"]
[EventDate "2024.09.11"]
[WhiteTeam "Brunei Darussalam"]
[BlackTeam "Nicaragua"]
[BlackTeamCountry "NCA"]

1. d4 d5 2. Bf4 Nf6 3. Nf3 c5 4. c3 Nc6 5. e3 Qb6 6. Qb3 c4 7. Qxb6 axb6 8. Be2 Bf5 9. O-O e6 10. Nbd2 h6 11. h3 b5 12. Ne5 b4 13. Ndf3 $146 ({RR} 13. Rfc1 bxc3 14. bxc3 Ba3 {0-1 Schestak,H (1714)-Marzano,C (2076) Arco op 43rd 2021 (1)}) 13... bxc3 14. bxc3 Ba3 15. Nxc6 bxc6 16. Ne5 c5 17. Rfe1 O-O 18. Nc6 cxd4 19. Nxd4 Bh7 20. Bf3 Bb2 21. Rad1 Bxc3 22. Re2 Bd3 23. Red2 Bxd2 24. Rxd2 Ne4 25. Bxe4 Bxe4 26. Nb5 Ra5 27. Nc3 Bd3 28. Rd1 Rfa8 29. Re1 f6 30. Bh2 e5 31. f3 d4 32. exd4 exd4 33. Ne4 Rxa2 34. Bf4 Ra1 35. Bc1 Bxe4 36. Rxe4 Rxc1+ 37. Kh2 d3 38. Rxc4 Rxc4 0-1

[Event "Olympiad Women 2024"]
[Site "Budapest HUN"]
[Date "2024.09.12"]
[Round "2.47"]
[Board "3"]
[White "Cabezas Calero, Abigail Carolina"]
[Black "Hussin, Fazreena"]
[Result "1-0"]
[WhiteElo "1824"]
[BlackElo "1700"]
[PlyCount "113"]
[EventDate "2024.09.11"]
[WhiteTeam "Nicaragua"]
[BlackTeam "Brunei Darussalam"]
[WhiteTeamCountry "NCA"]

1. e4 e6 2. d4 d5 3. e5 c5 4. Nf3 Nc6 5. c3 Nge7 6. Bd3 Qb6 7. a3 ({RR} 7. dxc5 Qxc5 8. Be3 Qa5 9. Nbd2 Ng6 10. Bxg6 hxg6 11. Nb3 Qc7 12. Bf4 f6 13. Qe2 g5 14. Bg3 g4 15. Nfd4 Nxe5 16. O-O-O Bd7 17. f4 gxf3 18. gxf3 O-O-O 19. f4 Nc4 20. Nxe6 Bxe6 21. Qxe6+ Qd7 {½-½ Firouzja,A (2737)-Nakamura,H (2794) Bullet Chess Winners 2024 (5.26)}) 7... Bd7 ({RR} 7... Ng6 8. O-O Bd7 9. dxc5 Bxc5 10. b4 Be7 11. Re1 a6 12. Nbd2 O-O 13. Nb3 Qc7 14. Qe2 Rac8 15. Bd2 Be8 16. Rac1 f6 17. Nbd4 Bf7 18. exf6 Bxf6 19. Nxe6 Bxe6 20. Qxe6+ Qf7 21. Bf5 Rce8 22. Qxf7+ {0-1 Fathmath Zoya Hassan Saeed (1406)-Hephzibah Awura-Ama Manubea T (1516) Olympiad Women 2024 (5.71)}) 8. O-O $146 ({RR} 8. Bc2 Ng6 9. b4 c4 10. Ng5 Nd8 11. a4 Be7 12. h4 Nf8 13. Qh5 h6 14. Nh3 Nc6 15. Qg4 g6 16. a5 Qc7 17. Na3 Nxe5 18. Qg3 Bd6 19. dxe5 Bxe5 20. Bf4 Bxf4 21. Qxf4 e5 22. Qf6 Rg8 {1-0 Aras,B (1850)-Hocher,E (1761) FRA-chT3 Gr06 0607 2006 (4.6)}) ({RR} 8. Bc2 Rc8 9. O-O Ng6 10. h4 Be7 11. g3 Qc7 12. h5 Nf8 13. Ba4 a6 14. Bxc6 Bxc6 15. Bg5 Nd7 16. Bxe7 Kxe7 17. Nbd2 cxd4 18. cxd4 Bb5 19. Re1 Qc2 20. Qxc2 Rxc2 21. a4 Bd3 22. Re3 Bf5 {0-1 Tolonen,J-Tuominen,M Tampere op1 1990}) 8... cxd4 9. Bc2 dxc3 10. Nxc3 Ng6 11. Re1 Be7 12. b4 a5 13. b5 Na7 14. Be3 Qd8 15. Bd3 b6 16. Na4 Bc5 17. Bxc5 bxc5 18. b6 c4 19. Bxc4 dxc4 20. bxa7 Rxa7 21. Qd4 Qc7 22. Nc5 Bb5 23. Rab1 Qc6 24. Nxe6 Rd7 25. Nxg7+ Kf8 26. Qb2 c3 27. Qxb5 Qxb5 28. Rxb5 Kxg7 29. Rc5 Rd3 30. a4 Rhd8 31. Kf1 Nf4 32. Rc4 Rd1 33. Rxc3 Rxe1+ 34. Nxe1 Rd5 35. Rc4 Ne6 36. Nf3 Nc5 37. Rd4 Rxd4 38. Nxd4 Nxa4 39. Nc6 Nc5 40. Nxa5 Kg6 41. Nc4 Kf5 42. g3 Ke6 43. f4 f6 44. exf6 Kxf6 45. Ke2 Ne6 46. Ke3 Ng7 47. Ne5 Nf5+ 48. Ke4 Ke6 49. Nf3 Nd6+ 50. Ke3 Nf5+ 51. Kd3 h5 52. Nd4+ Nxd4 53. Kxd4 Kf6 54. Ke4 Ke6 55. f5+ Kf6 56. Kf4 Kf7 57. Kg5 1-0

[Event "Olympiad Women 2024"]
[Site "Budapest HUN"]
[Date "2024.09.12"]
[Round "2.47"]
[Board "4"]
[White "Redzuan, Nur Ainul Mardhiah"]
[Black "Alvarez Gutierrez, Patricia"]
[Result "0-1"]
[WhiteElo "1481"]
[BlackElo "1826"]
[PlyCount "124"]
[EventDate "2024.09.11"]
[WhiteTeam "Brunei Darussalam"]
[BlackTeam "Nicaragua"]
[BlackTeamCountry "NCA"]

1. e4 c6 2. d4 d5 3. Nc3 dxe4 4. Nxe4 Bf5 5. Ng3 Bg6 6. h4 h6 7. Nf3 Nd7 8. Bc4 e6 9. Be3 ({RR} 9. Bb3 Ngf6 10. Qe2 Bd6 11. Bd2 Qc7 12. Nf1 O-O 13. Ne3 c5 14. O-O-O Rfc8 15. g4 h5 16. Rdg1 a6 17. gxh5 Bxh5 18. Nc4 b5 19. Nxd6 Qxd6 20. dxc5 Nxc5 21. Qe3 Nfe4 22. Rxg7+ Kf8 23. Qh6 Nxb3+ {0-1 Wu,K (2284)-Altanoch,G (2295) Tan Lian Ann Cup 2001 (1)}) 9... Ngf6 ({RR} 9... Be7 10. h5 Bh7 11. Qd2 Ngf6 12. O-O-O O-O 13. Bd3 Qb6 14. Bxh7+ Nxh7 15. d5 exd5 16. Bxb6 axb6 17. Nf5 Rfe8 18. Nxe7+ Rxe7 19. Rde1 Rxa2 20. Kb1 Rxe1+ 21. Rxe1 Ra8 22. Ne5 Nxe5 23. Rxe5 Nf6 24. Qf4 {1-0 Dasiuk,R (1314)-Cieslicki,M (1231) Online Friendship U12 2020 (3.5)}) 10. O-O $146 ({RR} 10. Qd2 Bd6 11. Bd3 Bxd3 12. Qxd3 Nd5 13. Ne4 N7f6 14. Nxd6+ Qxd6 15. Ne5 Nxe3 16. fxe3 Qd5 17. O-O O-O 18. c4 Qe4 19. Qxe4 Nxe4 20. Rf4 f5 21. c5 Rad8 22. Ng6 Rf6 23. h5 Ng3 24. Rh4 Nxh5 {0-1 Jacobs,H-Stronach,B British CF-25 Major 1932 (8)}) ({RR} 10. h5 Bh7 11. Qe2 Bd6 12. O-O-O Qc7 13. Nf1 O-O-O 14. g3 Nb6 15. Bb3 Nbd5 16. Bd2 Ne4 17. Be1 Rhe8 18. Rh4 Ndf6 19. N1d2 Nxd2 20. Bxd2 Nd5 21. c4 Nf6 22. Bc3 Be7 23. Bd2 Nd7 24. Re4 Bf6 {0-1 Doehner,H (1912)-Hiller,J (1880) Alpenpokal op 30th 2004 (1)}) 10... Be7 11. c3 O-O 12. Bd3 Bxd3 13. Qxd3 Qc7 14. Rfe1 Rad8 15. Qc2 Rfe8 16. Rad1 Bd6 17. Nf1 Ng4 18. g3 e5 19. N3h2 Nxe3 20. Rxe3 exd4 21. cxd4 Nf6 22. Rde1 Rxe3 23. Rxe3 Qd7 24. Qe2 Bf8 25. Nf3 Qd5 26. b3 Bd6 27. Rd3 Re8 28. Qd1 Qa5 29. a4 Nd5 30. Ne3 Nxe3 31. Rxe3 Rxe3 32. fxe3 Bxg3 33. Kg2 Bd6 34. Qd3 Qd5 35. e4 Qe6 36. e5 Qg4+ 37. Kf2 Be7 38. Qe3 Bxh4+ 39. Nxh4 Qxh4+ 40. Ke2 Qg4+ 41. Kd3 h5 42. d5 cxd5 43. Qxa7 Qd1+ 44. Kc3 Qc1+ 45. Kb4 Qc6 46. Qd4 h4 47. Qxh4 Qb6+ 48. Kc3 Qe3+ 49. Kb4 Qe4+ 50. Qxe4 dxe4 51. Kc4 e3 52. Kd3 e2 53. Kxe2 Kf8 54. Ke3 Ke7 55. Ke4 Ke6 56. Kf4 Kd5 57. Ke3 Kxe5 58. b4 Kd5 59. Kd3 f5 60. Ke3 Kc4 61. Kf4 Kxb4 62. Kxf5 Kxa4 0-1

[Event "Olympiad Women 2024"]
[Site "Budapest HUN"]
[Date "2024.09.12"]
[Round "2.48"]
[Board "1"]
[White "Jambo, Linda"]
[Black "Serina Arafat"]
[Result "0-1"]
[WhiteElo "1629"]
[BlackElo "1552"]
[PlyCount "65"]
[EventDate "2024.09.11"]
[WhiteTeam "Malawi"]
[BlackTeam "Jordan"]
[WhiteTeamCountry "MWI"]
[BlackTeamCountry "JOR"]

1. e4 e6 2. d4 d5 3. Nc3 dxe4 4. Nxe4 Nd7 5. Nf3 Ngf6 6. Bg5 Be7 7. Nxf6+ Nxf6 8. Be2 O-O ({RR} 8... h6 9. Bh4 O-O 10. O-O a6 11. a4 Nd5 12. Bg3 c5 13. c4 Nf6 14. a5 cxd4 15. Nxd4 Ne4 16. Bf3 Nxg3 17. hxg3 Bf6 18. Ne2 Bxb2 19. Rb1 Bf6 20. Qa4 Bd7 21. Qb4 Bc6 22. Rfd1 Qc7 23. Bxc6 {1-0 Hoke,A (1478)-Grabowski,P (1623) Niedersachsen-ch op-B 2020 (5)}) 9. O-O b6 ({RR} 9... Nd5 10. Bxe7 Qxe7 11. Qd2 b6 12. Ne5 Bb7 13. Bf3 c5 14. dxc5 bxc5 15. c4 Nf6 16. Bxb7 Qxb7 17. Rad1 Qc7 18. Qe3 Rfd8 19. h3 h6 20. Rd3 Rxd3 21. Nxd3 Rc8 22. Rd1 Rd8 23. b3 a5 24. Nb2 {0-1 Quesada Perez,Y (2505)-Nogueiras Santiago,J (2547) Carlos Torre Wimbledon 18th 2005 (1.4)}) 10. c3 Bb7 11. Re1 $146 ({RR} 11. Rc1 Rc8 12. Re1 c5 13. dxc5 Rxc5 14. Qxd8 Rxd8 15. Red1 Bxf3 16. Rxd8+ Bxd8 17. Bxf3 Rxg5 18. Rd1 Be7 19. h4 Rc5 20. g4 h6 21. Kg2 g6 22. Kg3 Kg7 23. Kh3 Nd5 24. Kg3 Bd6+ 25. Kg2 Bf4 {0-1 Bohunicky,P (1636)-Ivan,I (1806) SVK-chT4 A22 1516 2015 (8.1)}) ({RR} 11. Ne5 Ne4 12. Bxe7 Qxe7 13. Bf3 Nd6 14. Bxb7 Nxb7 15. Qh5 Nd6 16. f4 Rfc8 17. Nc6 Qe8 18. Qf3 Nc4 19. Rf2 Nd6 20. Re1 Qd7 21. Ne5 Qd8 22. Nc6 Qd7 23. d5 Re8 24. dxe6 fxe6 25. Rfe2 Rac8 {½-½ Eriksen,K (1742)-Jensen,L (2014) Ostsjaellands op 2006 (3)}) 11... h6 12. Bh4 Re8 13. Ne5 Nd7 14. Bxe7 Qxe7 15. Bb5 Qg5 16. g3 c6 17. Bxc6 Bxc6 18. Nxc6 Qb5 19. Nb4 a5 20. Nd3 Rad8 21. a4 Qf5 22. f4 Qg6 23. Ne5 Nxe5 24. Rxe5 Rd5 25. Qb3 Rxe5 26. dxe5 Qd3 27. Qxb6 Rd8 28. Rf1 Rd7 29. Qxa5 Qe3+ 30. Kg2 Qe4+ 31. Kh3 Qf5+ 32. Kg2 Rd2+ 33. Kg1 0-1